| 000 | 00658cab a2200241 4500 | ||
|---|---|---|---|
| 001 | WB3402-17 | ||
| 008 | 090401t1998 xxu||||| |||| 00| 0 eng d | ||
| 035 | _a(Sirsi) u83076 | ||
| 041 | _aeng | ||
| 245 | _aHousebuilding: November 1997 | ||
| 260 | _c1998 | ||
| 350 | _a0 | ||
| 490 |
_aDETR News Release _v(009) 8 January 1998, (6) |
||
| 520 | _aIn November 1997, provisional estimates show 15,200 houses completed compareed with 15,700 in 1996. | ||
| 650 | _aCOMPLETIONS | ||
| 650 | _aHOUSE BUILDING | ||
| 650 | _aNEW BUILD | ||
| 650 | _aSTARTS | ||
| 650 | _aSTATISTICS | ||
| 690 | _aHOUSING-DEVELOPMENT | ||
| 942 | _n0 | ||
| 948 | _c13/01/1998 | ||
| 999 |
_c52479 _d52479 |
||